La ciudad Inca de Vilcashuamán / (Record no. 13545)

000 -CABECERA
fixed length control field 00861nam a22002297a 4500
003 - IDENTIFICADOR DEL NÚMERO DE CONTROL
control field AR-CdUCM
008 - DATOS DE LONGITUD FIJA--INFORMACIÓN GENERAL
fixed length control field 190415b ||||| |||| 00| 0 spa d
040 ## - FUENTE DE LA CATALOGACIÓN
Agencia/entidad que catalogó originalmente la obra MUNICIPALIDAD PROVINCIAL DEL CUSCO
Entidad que transcribió la catalogación BIBLIOTECA MUNICIPAL DEL CUSCO
082 ## - NÚMERO DE LA CLASIFICACIÓN DECIMAL DEWEY
No. de Clasificación 985.542 /
Notacion interna G69
100 ## - ENTRADA PRINCIPAL--NOMBRE DE PERSONA
Nombre Personal González Carré, Enrique
245 ## - MENCIÓN DE TÍTULO
Título La ciudad Inca de Vilcashuamán /
260 ## - PUBLICACIÓN, DISTRIBUCIÓN, ETC.
Lugar de publicación, distribución, etc. Ayacucho :
Nombre de la editorial, distribuidor, etc. Imprenta de la UNSCH,
Fecha de publicación, distribución, etc. 1981.
300 ## - DESCRIPCIÓN FÍSICA
Nº de Páginas Extensión 85 paginas ;
Dimensiones 27 cm.
Otros detalles físicos Planos plegables,
505 ## - NOTA DE CONTENIDO CON FORMATO
Nota de contenido formateada Contenido : Introducción -- Metodología y procedimientos -- el centro poblaciónal de Vilcashuaman -- Ubicación y paisaje...
650 ## - PUNTO DE ACCESO ADICIONAL DE MATERIA--TÉRMINO DE MATERIA
Descriptor Vilcashuaman
9 (RLIN) 32000
650 ## - PUNTO DE ACCESO ADICIONAL DE MATERIA--TÉRMINO DE MATERIA
Descriptor Conquista española
9 (RLIN) 3376
650 ## - PUNTO DE ACCESO ADICIONAL DE MATERIA--TÉRMINO DE MATERIA
Descriptor Catastro urbano
9 (RLIN) 32001
700 ## - PUNTO DE ACCESO ADICIONAL--NOMBRE DE PERSONA
Nombre Personal Cosmópolis A. Jorge
9 (RLIN) 32002
700 ## - PUNTO DE ACCESO ADICIONAL--NOMBRE DE PERSONA
Nombre Personal Lévano P. Jorge
9 (RLIN) 32003
942 ## - ELEMENTOS DE PUNTO DE ACCESO ADICIONAL (KOHA)
Fuente de clasificación
Tipo de item Tesis y monografías
945 ## - PROCESAMIENTO DE INFORMACIÓN LOCAL (OCLC)
Catalogador wnts
AAAA-MM-DD - Fecha de ingreso o modificacion 2019-04-15
Holdings
Estado de retiro (separado) Fuente de clasificación o esquema de estanterías Estado dañado Ubicación Sala donde se ubica Nombre de la colección Fecha de adquisición o compra Costo, precio normal en soles Signatura topográfica Código de Barras Última vez visto (Koha) Tipo de ítem (Koha)
No     Sala Humanidades Sala Humanidades Book Cart 2019-04-15 60.00 985.542 / G69 SH0000010766 2019-04-15 Tesis y monografías

Powered by Koha